| 000 | 00000nam##2200000za#4500 |
| 001 | 9.696473 |
| 003 | CaOODSP |
| 005 | 20210927150506 |
| 007 | cr ||||||||||| |
| 008 | 150407|1986||||xxc|||||o f|0| 0 eng|d |
| 040 | |aCaOODSP|beng |
| 043 | |an-cn--- |
| 086 | 1 |aR32-265/1986E-PDF |
| 110 | 1 |aCanada. |bIndian and Northern Affairs Canada. |
| 245 | 10|aTreaty research report - Treaty No. 11 (1921) / |h[electronic resource]|cby Kenneth S. Coates, William R. Morrison; [issued by] Treaties and Historical Research Centre. |
| 260 | |aOttawa - Ontario : |bIndian and Northern Affairs |c1986. |
| 300 | |a46p. |
| 504 | |aBibliography. |
| 590 | |a12-33-Supp|b2012-07-18 |
| 690 | 07|aAgreements|2gcpds |
| 720 | 1 |aCoates, Kenneth S. |
| 720 | 1 |aMorrison, William R. |
| 775 | 08|tRapport de recherches sur les traités - traité no. 11 (1921) / |w(CaOODSP)9.640588 |
| 856 | 40|ahttp://publications.gc.ca|qPDF|s162 KB|uhttps://publications.gc.ca/collections/collection_2012/ainc-inac/R32-265-1986-eng.pdf |